Super Lig Champions - Statistics

General Stats
  • This quiz has been taken 55 times
  • The average score is 6 of 6
Answer Stats
Answer % Correct
24 Galatasaray
98%
16 Beşiktaş
96%
19 Fenerbahçe
94%
7 Trabzonspor
92%
1 İstanbul Başakşehir
89%
1 Bursaspor
87%
No matching quizzes found
Score Distribution
Percent of People with Each Score
Percentile by Number Answered
Your Score History
You have not taken this quiz